[Event "SVK-chT U20 final"]
[Site "Banska Bystrica"]
[Date "2019.05.11"]
[Round "2.4"]
[White "Taragelova, Martina"]
[Black "Kovarikova, Maria"]
[Result "0-1"]
[WhiteElo "1818"]
[BlackElo "1745"]
[PlyCount "92"]
[EventDate "2019.05.10"]
[EventType "team-tourn"]
[EventRounds "5"]
[EventCountry "SVK"]
[SourceTitle "EXT 2020"]
[Source "ChessBase"]
[SourceDate "2019.10.17"]
[SourceVersion "1"]
[SourceVersionDate "2019.10.17"]
[SourceQuality "1"]
[WhiteTeam "Liptov Chess School"]
[BlackTeam "Komarno KSC"]
[WhiteTeamCountry "SVK"]
[BlackTeamCountry "SVK"]

1. e4 e5 2. Nf3 Nc6 3. d4 exd4 4. Nxd4 Bc5 5. Be3 Qf6 6. c3 Nge7 7. Bc4 0-0 8. 0-0 d6 9. Nxc6 Nxc6 10. Bxc5 dxc5 11. f4 Be6 12. Bxe6 Qxe6 13. Nd2 Rad8 14. Qe2 f6 15. b3 Rd7 16. Rf3 Rfd8 17. Nf1 a6 18. Re1 b5 19. Rh3 h6 20. Qh5 c4 21. b4 Rd3 22. Ree3 Ne7 23. Rhg3 Kf8 24. Qe2 Qb6 25. Qf2 Rd1 26. Re2 Qc6 27. Rf3 Ra1 28. Re1 Rdd1 29. Rxd1 Rxd1 30. Qc2 Re1 31. Re3 Qb6 32. Qf2 Ra1 33. g3 a5 34. bxa5 Qxa5 35. Qd2 Rxa2 36. Qd8+ Kf7 37. e5 Qa8 38. Qxa8 Rxa8 39. exf6 gxf6 40. g4 Nd5 41. Rf3 Kg6 42. f5+ Kg7 43. Ng3 Ra3 44. Ne4 b4 45. Nd2 Rxc3 46. Rf2 b3 0-1

[Event "SVK-ch U12 Girls"]
[Site "Liptovsky Mikulas"]
[Date "2019.04.24"]
[Round "3"]
[White "Kapicakova, Lucia"]
[Black "Kovarikova, Maria"]
[Result "0-1"]
[WhiteElo "1690"]
[BlackElo "1745"]
[PlyCount "88"]
[EventDate "2019.04.23"]
[EventType "swiss"]
[EventRounds "9"]
[EventCountry "SVK"]
[SourceTitle "CBM 190 Extra"]
[Source "ChessBase"]
[SourceDate "2019.07.15"]
[SourceVersion "1"]
[SourceVersionDate "2019.07.15"]
[SourceQuality "1"]

1. Nf3 d5 2. g3 c6 3. d3 Bg4 4. Bg2 Nd7 5. h3 Bh5 6. Nbd2 e6 7. 0-0 Ngf6 8. b3 Bd6 9. Bb2 0-0 10. Qe1 h6 11. e4 Be7 12. e5 Nh7 13. Nh2 Qb6 14. Kh1 Rae8 15. g4 Bg6 16. f4 f6 17. Nhf3 fxe5 18. Nxe5 Nxe5 19. Bxe5 Bf6 20. Nf3 Rf7 21. Qd2 Nf8 22. Rae1 Nd7 23. Bxf6 Rxf6 24. Ne5 Nxe5 25. Rxe5 Ref8 26. c3 Qc7 27. Qe3 Qd7 28. d4 Qf7 29. f5 exf5 30. Re7 Re8 31. Rxf7 Rxe3 32. Rxb7 f4 33. Bf3 Be4 34. Kg2 Rxc3 35. Rxa7 Rd3 36. Ra4 g5 37. Rb4 Re6 38. Bxe4 dxe4 39. a4 Rd2+ 40. Kg1 e3 41. a5 e2 42. Re1 Rd1 43. Kf2 Rxe1 44. Kxe1 f3 0-1

[Event "SVK-ch U12 Girls"]
[Site "Liptovsky Mikulas"]
[Date "2019.04.24"]
[Round "2"]
[White "Kovarikova, Maria"]
[Black "Kapolkova, Greta"]
[Result "1-0"]
[WhiteElo "1745"]
[BlackElo "1393"]
[PlyCount "101"]
[EventDate "2019.04.23"]
[EventType "swiss"]
[EventRounds "9"]
[EventCountry "SVK"]
[SourceTitle "CBM 190 Extra"]
[Source "ChessBase"]
[SourceDate "2019.07.15"]
[SourceVersion "1"]
[SourceVersionDate "2019.07.15"]
[SourceQuality "1"]

1. e4 e5 2. Nf3 Nf6 3. Nc3 Nc6 4. a3 Bc5 5. Nxe5 Nxe5 6. d4 Bxd4 7. Qxd4 Nc6 8. Qd1 Qe7 9. f3 Qe5 10. Be3 0-0 11. Bc4 d6 12. 0-0 Be6 13. Be2 d5 14. f4 Qd6 15. e5 Qd7 16. Bc5 Rfd8 17. exf6 d4 18. Nb1 gxf6 19. a4 Kh8 20. Kh1 Rg8 21. Bf3 Bd5 22. Nd2 Rg6 23. Rg1 Rag8 24. Qe2 Qf5 25. Qd3 Qxd3 26. cxd3 Bxf3 27. Nxf3 Rd8 28. Rae1 Rgg8 29. Be7 Nxe7 30. Rxe7 Rc8 31. Rxf7 Rg6 32. f5 Rh6 33. Re1 Kg8 34. Ree7 Re8 35. Rg7+ Kh8 36. Rxh7+ Rxh7 37. Rxe8+ Kg7 38. Re7+ Kg8 39. Rxh7 Kxh7 40. Nxd4 Kg8 41. Nb5 c6 42. Nxa7 Kf7 43. Nc8 Kf8 44. h4 b5 45. axb5 cxb5 46. h5 Kg7 47. d4 Kh6 48. d5 Kg5 49. d6 Kxf5 50. d7 Kg4 51. d8Q 1-0